| 000 | 00450nam a2200181Ia 4500 | ||
|---|---|---|---|
| 001 | 15628 | ||
| 005 | 20260306170210.0 | ||
| 008 | 260306t1998||||xx |||||||||||||| ||und|| | ||
| 041 | _aESP | ||
| 082 |
_a551.49 _bM26 |
||
| 100 |
_aMartínez Rubio, Juan _eAUT |
||
| 245 | 0 |
_aAguas subterráneas: _bcaptación y aprovechamiento |
|
| 260 | _c1998 | ||
| 300 |
_a404 páginas : _c22 cm. |
||
| 650 | _aGEN | ||
| 654 | _aCCN | ||
| 942 |
_cLIB _dJUS _fJUS _2ddc _n |
||
| 999 |
_c15628 _d15628 |
||